000 00326nam a2200145Ia 4500
008 230718s9999 xx 000 0 und d
041 _aEng.
082 _a515.9
_bS-A-N
100 _aS-ABAtti
245 0 _aNumerical Analysis
260 _aPakistan
_bShachou your Pub
_c2008
300 _a890
650 _aLaw
999 _c26105
_d26105